000 00799nam a2200241 i 4500
001 96070
003 ES-MaACL
005 20250909204128.0
007 t|
008 050610s1964 sp ||||1| spa d
100 1 _aMaddox, Harry.
_975307
245 1 0 _aCómo estudiar /
_cHarry Maddox; [traducción y adaptación del capítulo "Cómo escribir el castellano", de M. Dolores Bordas y Prudencio Comes].
250 _a1ª ed.
260 _aVilasar de Mar, Barcelona :
_bOccidente,
_c1964.
300 _a243 p. :
_bil. ;
_c22 cm.
490 1 _aLibros Tau ;
_v1
650 0 4 _aEstudio-
_xMétodos
_912576
700 1 _aBordas, María Dolores.
_930382
700 1 _aComes, Prudencio.
_939998
830 1 0 _aLibros Tau
_v1
_9182006
852 _aES-MaACL
_jC-28268
999 _c96070
_d96070